00797nab a2200229uuc450000100070000000500170000700800410002403500110006503500210007604000130009704100080011010000530011824500660017165000380023765000390027565000470031465000340036170000450039577300980044094200100053899900190054896168520240201202749.0060201e20050701 spa  a961685 a(OCoLC)820343295 ccomduadb aspa10aZapata Jaramillo, Carlos Mario4auteaut953616010aMedusa : una aplicacion de la integracion entre PDF y ASP.NET aASP (Active Server Pages)9124242 aAplicaciones informáticas964387 aAmbientes virtuales de aprendizaje9111239 aTransmisión de datos97754110aSierra A., Juan Carlos4auteaut95285300 tDYNA (Medellín)gVolumen 072, Número 146, Julio 2005, p. 89-102w188384x0012-7353082258 cARIMP c378540d378540